| 000 | 01083nam2a22002171 4500 | ||
|---|---|---|---|
| 001 | RU\NLR\A1SV\90559 | ||
| 005 | 20251203152403.2 | ||
| 035 | _a(NLR Aleph) 009771916 | ||
| 090 |
_a13484620 _c13484620 |
||
| 100 | _a19800104d1926 u y0rusy50 ca | ||
| 101 | 0 | _arus | |
| 200 | 1 |
_aЗа грамоту _eСб. материалов по проведению агитации за грамоту _fПод ред. А.Курской |
|
| 210 |
_aМ. _cДолой неграмотность _d1926 |
||
| 215 |
_a88 с. _cил. |
||
| 461 | 1 |
_1001RU\NLR\A1SV\21042 _12000#$vВып.3 _99810458 _cМ. _d1923-1926 _fВсерос. чрезв. комис. по ликвидации безграмотности при Главполитпросвете _nКрас. новь _oСб. ст. по ликвидации неграмотности среди населения РСФСР _tВсе на борьбу с темнотой _vВып.3 |
|
| 702 | 1 |
_aКурская _bА.С. _f1882-1964 _gАнна Сергеевна |
|
| 801 | 0 |
_aRU _bNLR _c19800104 |
|
| 942 | _cBOOK | ||
| 980 | _aA1SV | ||
| 980 | _aNB | ||